Ovplyvňovanie v športovom marketingu a súvisiacich oblastiach
Šport ako aktivita na udržiavanie fyzickej i psychickej kondície a zároveň ako aktivita, ktorá vytvára profit pre mnoho spoločností a podnikateľov. Snaha športových podnikov implementovať do podvedomia ľudí svoju značku. Športový marketing ako aplikácia marketingu v oblasti športu. Čo obsahuje šport...
Uložené v:
| Hlavný autor: | |
|---|---|
| Médium: | Kapitola |
| Jazyk: | Slovak |
| Predmet: | |
| Tagy: |
Žiadne tagy, Buďte prvý, kto otaguje tento záznam!
|
MARC
| LEADER | 00000naa$a2200000$$$4500 | ||
|---|---|---|---|
| 001 | 0048197 | ||
| 005 | 20240502071543.4 | ||
| 041 | 0 | |a slo | |
| 044 | |a SK | ||
| 245 | 1 | 0 | |a Ovplyvňovanie v športovom marketingu a súvisiacich oblastiach |
| 520 | |a Šport ako aktivita na udržiavanie fyzickej i psychickej kondície a zároveň ako aktivita, ktorá vytvára profit pre mnoho spoločností a podnikateľov. Snaha športových podnikov implementovať do podvedomia ľudí svoju značku. Športový marketing ako aplikácia marketingu v oblasti športu. Čo obsahuje športový marketing. Zvyšovanie konkurencieschopnosti športových firiem. Marketingová komunikácia v športe. Faktory ovplyňujúce spotrebiteľské rozhodovanie v oblasti športu. Práca s verejnosťou v oblasti športu. | ||
| 610 | 2 | 0 | |a marketing |
| 610 | 2 | 0 | |a komunikácia marketingová |
| 610 | 2 | 0 | |a stratégia marketingová |
| 610 | 2 | 0 | |a marketing mix |
| 610 | 2 | 0 | |a šport |
| 610 | 2 | 0 | |a spotrebitelia |
| 610 | 2 | 0 | |a služby |
| 610 | 2 | 0 | |a produkty |
| 610 | 2 | 0 | |a značky výrobkov |
| 610 | 2 | 0 | |a konkurencieschopnosť |
| 610 | 2 | 0 | |a reklama |
| 100 | 1 | |a Chebeň, Juraj | |